Name The Characters By Their Feet Quiz - Statistics

General Stats
  • This quiz has been taken 62 times
  • The average score is 13 of 16
Answer Stats
Picture Answer % Correct
Santa
98%
Spiderman
98%
Mickey Mouse
96%
Kermit
94%
Minion
94%
Spongebob
94%
Yoshi
94%
Mario
87%
Superman
85%
Pikachu
81%
Sonic
79%
Kirby
77%
Barbie
73%
Homer
73%
Bender
60%
God
37%
No matching quizzes found
Score Distribution
Percent of People with Each Score
Percentile by Number Answered
Your Score History
You have not taken this quiz